Alimentos entre cónyuges (Registro nro. 1649)

Detalles MARC
000 -LEADER
fixed length control field 01645 a2200217 4500
001 - CONTROL NUMBER
control field 28091
005 - DATE AND TIME OF LATEST TRANSACTION
control field 20260407155553.0
008 - FIXED-LENGTH DATA ELEMENTS--GENERAL INFORMATION
fixed length control field 260407a1984 arg spa d
003 - CONTROL NUMBER IDENTIFIER
control field AR-UNSa-BCEJYS
040 ## - CATALOGING SOURCE
Original cataloging agency AR-UNSa-BCEJYS
Language of cataloging spa
Transcribing agency AR-UNSa-BCEJYS
080 ## - UNIVERSAL DECIMAL CLASSIFICATION NUMBER
Universal Decimal Classification number 347.615
Common auxiliary subdivision Pensión alimenticia. Pensión (Alimentos)
020 ## - INTERNATIONAL STANDARD BOOK NUMBER
International Standard Book Number 950-508-128-6
100 1# - MAIN ENTRY--PERSONAL NAME
Personal name Escribano, Carlos
245 10 - TITLE STATEMENT
Title Alimentos entre cónyuges
264 #1 - PRODUCTION, PUBLICATION, DISTRIBUTION, MANUFACTURE, AND COPYRIGHT NOTICE
Place of production, publication, distribution, manufacture Buenos Aires :
Name of producer, publisher, distributor, manufacturer Astrea
Date of production, publication, distribution, manufacture, or copyright notice 1984
300 ## - PHYSICAL DESCRIPTION
Extent xxiii, 258 p.
Dimensions 23 cm.
505 ## - FORMATTED CONTENTS NOTE
Formatted contents note 1. Generalidades - 2. Alimentos durante la convivencia conyugal - 3. Alimentos durante la separación de hecho - 4. Alimentos con motivo del divorcio iniciado o inminente - 5. Alimentos para el cónyuge inocente del divorcio - 6. Alimentos para el cónyuge culpable del divorcio - 7. Imputación de los alimentos pasados durante el juicio de divorcio - 8. Divorcio rechazado y divorcio perimido - 9. Alimentos dejados a salvo en el divorcio consensual - 10. Alimentos en el divorcio vincular (Ley 14.394) - 11. Los alimentos y la nulidad matrimonial - 12. Divorcio en el extranjero - 13. Alimentos provisorios del artículo 375 del Código Civil - 14. Alimentos atrasados. Cuotas suplementarias - 15. Recursos del alimentante y del alimentario - 16. Forma y monto de la cuota alimentaria - 17. Convenios sobre la cuota alimentaria - 18. Mutabilidad de la cuota alimentaria - 19. Cesación de los alimentos - 20. Cuestiones procesales - 21. Delito de incumplimiento a los deberes de asistencia familiar - 22. Alimentos contractuales
590 ## - LOCAL NOTE (RLIN)
Local note niveau_biblio:m niveau_hierar:0
700 1# - ADDED ENTRY--PERSONAL NAME
Personal name Escribano, Raúl Eduardo
942 ## - ADDED ENTRY ELEMENTS (KOHA)
Koha item type
Existencias
Withdrawn status Lost status Damaged status Not for loan Home library Current library Shelving location Date acquired Total checkouts Full call number Barcode Date last seen Price effective from Koha item type
        Biblioteca Prof. Eusebio Cleto del Rey Biblioteca Prof. Eusebio Cleto del Rey   07/04/2026   347.615 E74 L119964 07/04/2026 07/04/2026 Libro